000 01248cam a22003617a 4500
003 CHAP
005 20250515062728.0
008 000906d2000 mx r 00110 spa d
010 _a82170
011 _a83142
035 _a93652
040 _cCHAP
090 _aTesis
100 0 0 _aOrtiz Herrera, Jaime.
_983990
245 1 0 _aProducción y rentabilidad del cultivo del maíz en el estado de Aguascalientes
_c/por Jaime Ortiz Herrera
260 _aChapingo, Méx. :
_bEl autor,
_c2000.
300 _a63 h.
502 _aTesis (Ing. Agr. Esp. en Suelos) -- UACH. Departamento de Suelos
590 _aALEPH
_b10
_c20130110
_lUCH01
_h1437
590 _aBATCH-UPD
_b10
_c20130110
_lUCH01
_h0745
590 _aBATCH-UPD
_b10
_c20130410
_lUCH01
_h0426
590 _aBATCH-UPD
_b10
_c20130914
_lUCH01
_h1746
590 _aCONVERSION
_b10
_c20130109
_lUCH01
_h1346
650 1 4 _aAgricultura
_xInnovaciones tecnológicas.
_91565
650 1 4 _aMaíz
_xAguascalientes.
_970852
650 1 7 _aMaíz
_xCostos de producción
_2
_970915
650 1 4 _aMaíz
_xRendimiento.
_971051
901 _aBK
905 _aLilia Sánchez G.
942 _cFOLL
949 _bBC
_cTES
_d33724000788485
_eTS2
_fc.2
_h36809
_i93652
_sb
949 _bBC
_cTES
_d936521
_eTS1
_h36808
_i93652
_sb
999 _c82170
_d82170